000
002330000a22000970004500
100
1
_a
Hunter, Kent R.
245
1
0
_a
Cost of the cross
300
_a
Vol 16, Núm 58 (1989), Páginas 19-20
773
0
_t
World Evangelization
942
_c
ANA
999
_c
57902
_d
57902